00712 2200253 4500001002100000005001500021035002000036007000300056008004100059020002200100082001100122084001700133100001700150245010000167250001100267260002500278300002800303650001700331700002400348700001800372500004600390990001100436990001100447INLIS00000000000017520200924111603 a0010-0917000161ta200924 f 0 ind  a978-979-039-080-5 a297.14 a297.14 IMA i0 aIMAM, Nawawi1 aIntisari Riyadush Shaihin /cImam Nawawi; alih bahasa, Yasir Wartadioyana; editor, Ferry Irawan acet. 5 aSolo :bAqwam,c2016 axii; 500 hlm. ;c25 cm. 4aISLAM. FIQIH0 aYASIR, Wartadioyana0 aFERRY, Irawan aJudul asli : Mukhtashar Riyadush Shalihin a5777 a a5777 b